Les antidotes des médicaments - Statistiques

Statistiques générales
  • Ce quiz a été pris 99 fois
  • Le résultat moyen est 3 sur 5
Statistiques - réponses
Hint Réponse % Correct
Morphine Naloxone
85%
Paracétamol N-acétylcystéine
65%
Benzodiazépines Flumazénil
64%
Opiacés Naloxone
63%
Anticoagulants oraux Vitamine K1
5%
Aucun quiz correspondant
Distribution des résultats
% des personnes avec chaque résultat
Percentile par nombre de réponses
Votre historique - résultats
Vous n’avez pas pris ce quiz